Регионална библиотека "Любен Каравелов" - Русе

Балкон между небето и земята (Запис номер 146271)

MARC детайли
000 -Лидер
Контролно поле с фиксирана дължина 01654nam a2200325 c 4500
003 - Код на организацията, давaща контролен номер
Контролно поле BLK
005 - Дата и час на последна редакция
Контролно поле 20221018104623.0
008 - Елементи от данни с фиксирана дължина
fixed length control field 180410b bul|||||r ||||||| ||bul||
010 ## - Наследен системен номер
LC control number KNG00152458000
040 ## - Източник на каталожния запис
Идентификатор на билиотеката - собственик на записа BLK
041 ## - Код за език
Код за езика на текст/звукозапис или на отделно заглавие Български
Код за езика КДБФ Български
080 ## - УДК
Текстов определител УДК Руска литература
УДК код - определител по УДК 821.161.1
УДК определител -93-32
УДК - код + определител 821.161.1-93-32
100 1# - Редна дума - Автор
Автор Корпачов, Едуард Маркович
Авторска отговорност първи автор
R(LIN) 82572
139 ## - Редно поле
Редна дума Корпачов, Едуард Маркович
Авторски знак Кор - К 85
245 10 - Сведения за заглавието
Заглавие Балкон между небето и земята
Подзаглавни данни Разкази и повести
Редно поле (дума) Едуард Маркович Корпачов; прев. от рус. и състав. Жела Георгиева; худож. Димитър Трендафилов.
257 ## - Страна на издаване
Страна на създаване/издаване СССР
260 ## - Област на издателските данни
Име на издателя, разпространителя и проч. Нар. младеж
Година на издаване 1976
300 ## - Физическа характеристика
Страници 248 с.
Илюстрации и др. с ил.
Размери/Мащаб 20 см
380 ## - Жанр
Жанр Детска худож. лит.
490 ## - СЕРИИ (Колекции)
Име на серия Библиотека Аврора
9 (RLIN) 205340
490 ## - СЕРИИ (Колекции)
Име на серия Съветски писатели за деца и юноши
9 (RLIN) 205341
500 ## - Общи забележки
Забележка Прев. е направен от Горкий дым ; Двое на перроне / Эдуард Корпачов. - 25 137 тир.
700 1# - Други автори (авторска отговорност)
Лично име Георгиева, Жела
Автороска отговорност (Описва отношението между автора и произведението) прев. от рус. и състав.
Друга информация Владимирова, Жела Георгиева
9 (RLIN) 366397
700 1# - Други автори (авторска отговорност)
Лично име Трендафилов, Димитър
Автороска отговорност (Описва отношението между автора и произведението) худож.
9 (RLIN) 378889
852 ## - Местоположение
Форматна сигнатура Цб 81182
856 4# - Електронен адрес и достъп
Електронен формат pdf - файл
Инструкция (цена за достъп) 0.00
Права за достъп disable
856 4# - Електронен адрес и достъп
Електронен формат pdf - файл
Инструкция (цена за достъп) 0.00
Права за достъп disable
999 ## - СИСТЕМНИ КОНТРОЛНИ НОМЕРА
Koha biblionumber 146271
Koha biblioitemnumber 146271
942 ## - АРТИКУЛИ
Вид на библиотечния материал Книги
Скрит в OPAC Не
Периодичен библиозапис Да
944 ## - СЪЗДАВАНЕ И РЕДАКЦИЯ на ЗАПИСА
Създаване/Редакция Създаване
Дата на регистрацията/редакция 23.10.2013
Статус, дата на статуса 23.10.2013 - от С1,Р / 23.10.2013
Служител, извършил регистрацията/редакцията Виктория_Петкова
944 ## - СЪЗДАВАНЕ И РЕДАКЦИЯ на ЗАПИСА
Създаване/Редакция Редакция
Дата на регистрацията/редакция 20.09.2017
Статус, дата на статуса 23.10.2013 - от С1,Р / 23.10.2013
Служител, извършил регистрацията/редакцията Кети_Илиева
999 ## - СИСТЕМНИ КОНТРОЛНИ НОМЕРА
Koha biblioitemnumber 146271
Наличности
Код за отписване Код за изгубен артикул Източник на класификационната схема Код за повреда Коз за рестрикции Код за отдаване Артикулен № Име на библиотеката - собственик Име на библиотеката, в която се намира в момента Статус (Текущо местоположение) Дата на вписване в системата Местоположение - отдел Цена в лева Инвентарен номер Систематично азбучна сигнатура Баркод Номер на екземпляра Цена в евро Служебна бележка Служебен тип на артикула Бележка за публиката
  Не е изгубен Universal Decimal Classification Не е повреден само за читалня ползва се в читалня 243086 Регионална библиотека "Любен Каравелов" Русе Регионална библиотека "Любен Каравелов" Русе Хранилище 1976-01-01 Хранилище 0.70 207450 Цб 81182 120000207450 1 0.36 Вид: СФ Дата: 01.01.1976 Книги  
Изтеглен Не е изгубен   Не е повреден без рестрикции заемане за дома 243087 Регионална библиотека "Любен Каравелов" Русе Регионална библиотека "Любен Каравелов" Русе   1976-01-01 Детски отдел 0.70 207949 ДХ 820/899/К 85 207949 2 0.36 Вид: СФ Дата: 01.01.1976 Дата инв: 11.09.2015 Бележки инв: Д2015 Книги Отч.N: 35/2017 , Дата: 05.09.2017
Изтеглен Не е изгубен   Не е повреден без рестрикции заемане за дома 243088 Регионална библиотека "Любен Каравелов" Русе Регионална библиотека "Любен Каравелов" Русе   1976-01-01 Детски отдел 0.70 207952 ДХ 820/899/К 85 207952 3 0.36 Вид: СФ Дата: 01.01.1976 Дата инв: 11.09.2015 Бележки инв: Д2015 Книги Отч.N: 35/2017 , Дата: 05.09.2017
Vip Innovations Ltd, Rousse, Bulgaria 2025